Austrian teachers and their education since 1945. (Record no. 22262)
[ view plain ]
| 000 -LEADER | |
|---|---|
| fixed length control field | 01056cam a22002891 4500 |
| 001 - CONTROL NUMBER | |
| control field | e 56000154 |
| 003 - CONTROL NUMBER IDENTIFIER | |
| control field | DLC |
| 005 - DATE AND TIME OF LATEST TRANSACTION | |
| control field | 20260227111236.0 |
| 008 - FIXED-LENGTH DATA ELEMENTS--GENERAL INFORMATION | |
| fixed length control field | 780508s1956 dcua b f000 0 eng c |
| 010 ## - LIBRARY OF CONGRESS CONTROL NUMBER | |
| LC control number | e 56000154 |
| 035 ## - SYSTEM CONTROL NUMBER | |
| System control number | (OCoLC)3873404 |
| 040 ## - CATALOGING SOURCE | |
| Original cataloging agency | U.S. Office of Education. Library |
| Transcribing agency | KyLoU |
| Modifying agency | DLC |
| 042 ## - AUTHENTICATION CODE | |
| Authentication code | premarc |
| 043 ## - GEOGRAPHIC AREA CODE | |
| Geographic area code | e-au--- |
| 045 ## - TIME PERIOD OF CONTENT | |
| Time period code | x4x5 |
| 050 00 - LIBRARY OF CONGRESS CALL NUMBER | |
| Classification number | L111 |
| Item number | .A6 1957, no. 2 |
| 082 ## - DEWEY DECIMAL CLASSIFICATION NUMBER | |
| Classification number | 371.12 |
| 100 1# - MAIN ENTRY--PERSONAL NAME | |
| Personal name | Lahey, Helen C. |
| 245 10 - TITLE STATEMENT | |
| Title | Austrian teachers and their education since 1945. |
| 260 ## - PUBLICATION, DISTRIBUTION, ETC. | |
| Place of publication, distribution, etc. | [Washington] |
| Name of publisher, distributor, etc. | U.S. Dept. of Health, Education, and Welfare, Office of Education |
| Date of publication, distribution, etc. | [1956] |
| 300 ## - PHYSICAL DESCRIPTION | |
| Extent | vi, 82 p. |
| Other physical details | illus. |
| Dimensions | 24 cm. |
| 490 1# - SERIES STATEMENT | |
| Series statement | United States. Office of Education. Bulletin |
| Volume/sequential designation | 1957, no. 2 |
| 500 ## - GENERAL NOTE | |
| General note | Copies 1 and 2 bound with: Bulletin / United States. Office of Education, 1957, no. 1-1957, no. 8, subsequent to publication. |
| 504 ## - BIBLIOGRAPHY, ETC. NOTE | |
| Bibliography, etc. note | Bibliography: p. 77-82. |
| 650 #0 - SUBJECT ADDED ENTRY--TOPICAL TERM | |
| Topical term or geographic name entry element | Teachers |
| General subdivision | Training of |
| Geographic subdivision | Austria. |
| 830 #0 - SERIES ADDED ENTRY--UNIFORM TITLE | |
| Uniform title | Bulletin (United States. Office of Education) ; |
| Volume/sequential designation | 1957, no. 2. |
No items available.